000 00364nam a2200133Ia 4500
008 100328s9999 xx 000 0 und d
082 _b75013
100 _aBlyton Enid
245 _aThe Adventures of The Wishing Chair.
260 _bEgmont.
630 _aThe Adventures of The Wishing Chair.
730 _aThe Adventures of The Wishing Chair.
942 _cBOOK
999 _c560734
_d560731